00716nam a2200205 a 450000100100000000500170001000800410002704000250006808200190009310000430011224500580015526000370021330000210025065000280027165000310029991000370033004900090036795201170037699900170049300001099920240412074222.0091013s1985 dr 000 p spa d aDO-SdBNPbspacBNPHU aRD861.44bU72t1 aUrbáez, Aristófanes,d1952-92641910aLos tambores de la paloma azul /cAristofanes Urbaez. aSanto Domingo :bCENAPEC,c1985. a107 P. ;c22 cm. 0aPoesía dominicana966 0aLiteratura dominicana.967 aValidado. Control de calidad MFF aBNPD 0010718PDaPDbPDcHDd2009-10-13iLF1l0oRD861.44 U72tp10999-10r2020-06-25w2020-06-25yLFPDZNo se presta c10737d10737